000 00474cam a2200181ua 4500
001 6864
008 140301n ii |||gr||||Z||||||eng
040 _cMAIN
082 _a657.2
245 _aHisap parikshan paddhoti :
_btattwa aru prayog /
_cBy Pradip Bora .
250 _a2nd ed.
260 _aGuwahati:
_bAssam book depot,
_c1997.
300 _ax,524p.
653 _aAccounting
653 _aHisap parikshan paddhoti
700 _aBora,Pradip,
_eAuthor.
942 _cBK
999 _c6011
_d6011